Indian Stamp Act (Record no. 1193340)

MARC details
000 -LEADER
fixed length control field 00634nam a2200241Ia 4500
003 - CONTROL NUMBER IDENTIFIER
control field OSt
005 - DATE AND TIME OF LATEST TRANSACTION
control field 20221007111534.0
008 - FIXED-LENGTH DATA ELEMENTS--GENERAL INFORMATION
fixed length control field 221006b |||||||| |||| 00| 0 eng d
037 ## - SOURCE OF ACQUISITION
Terms of availability Textual
040 ## - CATALOGING SOURCE
Original cataloging agency LCO
Transcribing agency LCO
Language of cataloging eng
041 ## - LANGUAGE CODE
Source of code eng
Language code of text/sound track or separate title eng
100 ## - MAIN ENTRY--PERSONAL NAME
Personal name Row S.
9 (RLIN) 700756
245 #0 - TITLE STATEMENT
Title Indian Stamp Act
260 ## - PUBLICATION, DISTRIBUTION, ETC.
Place of publication, distribution, etc. Allahabad
Name of publisher, distributor, etc. Law Book Company India
Date of publication, distribution, etc. 1965
650 ## - SUBJECT ADDED ENTRY--TOPICAL TERM
Topical term or geographic name entry element STAMP ACT
700 ## - ADDED ENTRY--PERSONAL NAME
Personal name Gupta C.L.
9 (RLIN) 682714
942 ## - ADDED ENTRY ELEMENTS (KOHA)
Classification part X7292qM99:g, K5
Koha item type Textual
Holdings
Withdrawn status Lost status Damaged status Not for loan Home library Current library Date acquired Total Checkouts Full call number Barcode Date last seen Price effective from Koha item type
        Law Centre-I Library Law Centre-I Library 2022-10-07   X7292qM99:g K5 LO0000195 2022-10-07 2022-10-07 Textual
Copyright @ Delhi University Library System